书目信息 |
| 题名: |
积分学
|
|
| 作者: | H.H.鲁金著 , 谭家岱 , 张理京 译 | |
| 分册: | 上册 | |
| 出版信息: | 北京 高等教育出版社 1954 |
|
| 页数: | 214页 | |
| 开本: | 20cm | |
| 丛书名: | ||
| 单 册: | ||
| 中图分类: | O172.2 | |
| 科图分类: | ||
| 主题词: | 数学分析 | |
| 电子资源: | ||
| ISBN: | ||
| 000 | 00674nam0 2200229 450 | |
| 001 | 0630905655 | |
| 005 | 20060726084007.79 | |
| 010 | @dCNY0.80 | |
| 100 | @a20060726d1954 km y0chiy0120 ea | |
| 101 | 0 | @achi@crus |
| 102 | @aCN@b110000 | |
| 200 | 1 | @a积分学@h上册@Aji fen xue@fH.H.鲁金著,谭家岱,张理京译@FH.H.lu jin zhu,tan jia dai,zhang li jing yi |
| 210 | @a北京@c高等教育出版社@d1954 | |
| 215 | @a214页@d20cm | |
| 300 | @a高等学校教学用书 | |
| 606 | 0 | @a数学分析 |
| 690 | @aO172.2@v3 | |
| 701 | 0 | @aH.H.鲁金著@AH.H.lu jin zhu@4译 |
| 701 | 0 | @a谭家岱@Atan jia dai@4译 |
| 701 | 0 | @a张理京@Azhang li jing@4译 |
| 801 | 0 | @aCN@bPFT@c20060726 |
| 905 | @a10447@dO172.2@e85 | |
| 积分学.上册/H.H.鲁金著,谭家岱,张理京译.-北京:高等教育出版社,1954 |
| 214页;20cm |
| 高等学校教学用书 |
| ISBN :CNY0.80 |
| ● |
| 相关链接 |
|
|
|
|
正题名:积分学
索取号:O172.2/85
 
预约/预借
| 序号 | 登录号 | 条形码 | 馆藏地/架位号 | 状态 | 备注 |
| 1 | 0431746 | 204317462 | 密集书库/ [索取号:O172.2/85] | 在馆 |